James Moore Earthmoving v Miller Construction Ltd (Record no. 68499)

MARC details
000 -LEADER
fixed length control field 01205cam a2200205 4500
001 - CONTROL NUMBER
control field ABS64470
008 - FIXED-LENGTH DATA ELEMENTS--GENERAL INFORMATION
fixed length control field 011005n2001 000 0 eng u
035 ## - SYSTEM CONTROL NUMBER
System control number (Sirsi) u115019
245 ## - TITLE STATEMENT
Title James Moore Earthmoving v Miller Construction Ltd
260 ## - PUBLICATION, DISTRIBUTION, ETC.
Date of publication, distribution, etc. 2001
490 ## - SERIES STATEMENT
Series statement Building Law Reports
Volume/sequential designation [2001] BLR 322-324(3)
520 ## - SUMMARY, ETC.
Summary, etc. CA 6 April 2001. A entered into a sub-contract with B to carry out earthmoving works. B was employed by the Department of the Environment under a main contract. Disputes arose between A and B over payments A claimed to be entitled to. Following an arbitration hearing B applied to have the award set aside, and the arbitrator removed for misconduct. A appealed. The appeal was allowed. "Held": It was not appropriate to make a finding of misconduct without giving the arbitrator notice of the grounds for such action. Prejudice to a party would rarely be a relevant consideration with regard to whether an arbitrator should be removed.
590 ## - LOCAL NOTE (RLIN)
Local note ABS
650 ## - SUBJECT ADDED ENTRY--TOPICAL TERM
Topical term or geographic name entry element JAMES MOORE EARTHMOVING V MILLER CONSTRUCTION LTD
650 ## - SUBJECT ADDED ENTRY--TOPICAL TERM
Topical term or geographic name entry element ARBITRATORS
650 ## - SUBJECT ADDED ENTRY--TOPICAL TERM
Topical term or geographic name entry element MISCONDUCT
650 ## - SUBJECT ADDED ENTRY--TOPICAL TERM
Topical term or geographic name entry element PREJUDICE
690 ## - LOCAL SUBJECT ADDED ENTRY--TOPICAL TERM (OCLC, RLIN)
Topical term or geographic name as entry element BUILDING AND CONSTRUCTION-CASE LAW
942 ## - ADDED ENTRY ELEMENTS (KOHA)
Suppress in OPAC 0
Holdings
Withdrawn status Lost status Source of classification or shelving scheme Damaged status Not for loan Home library Current library Shelving location Date acquired Total Checkouts Full call number Barcode Date last seen Copy number Price effective from Koha item type
    Dewey Decimal Classification     London London Journal article 05/10/2001   ABS64470 115019-1001 06/08/2019 1 06/08/2019 Law report